| 000 | 00382nam a2200157Ia 4500 | ||
|---|---|---|---|
| 008 | 230711s9999||||xx |||||||||||||| ||und|| | ||
| 041 | _aENG | ||
| 082 |
_a720 _bAD-T |
||
| 100 | _aAddison,Anthony | ||
| 245 | 4 | _aThe children's book of questions and answers | |
| 250 | _a1st Ed. | ||
| 260 |
_c1987 _aNew York _bTreasure Press |
||
| 300 | _a480 | ||
| 650 | _aLiterature | ||
| 942 | _cBK | ||
| 999 |
_c1800 _d1800 |
||